Russian struggle for power, 1914-1917: a study of Russian foreign policy during the first world war (Record no. 424068)

000 -LEADER
fixed length control field 00477cam a22001337a 4500
008 - FIXED-LENGTH DATA ELEMENTS--GENERAL INFORMATION
fixed length control field 180718b1956 xxu||||| |||| 00| 0 eng d
082 ## - DEWEY DECIMAL CLASSIFICATION NUMBER
Classification number Dx47 Sm53
100 ## - MAIN ENTRY--PERSONAL NAME
Personal name Smith, C. Jay
245 ## - TITLE STATEMENT
Title Russian struggle for power, 1914-1917: a study of Russian foreign policy during the first world war
Statement of responsibility, etc. by C. Jay Smith
260 ## - PUBLICATION, DISTRIBUTION, ETC.
Place of publication, distribution, etc. New York
Name of publisher, distributor, etc. Philosphical Library
Date of publication, distribution, etc. 1956
300 ## - PHYSICAL DESCRIPTION
Extent xv, 553p
650 ## - SUBJECT ADDED ENTRY--TOPICAL TERM
Topical term or geographic name entry element Russia --Foreign relations --1894-1917
650 ## - SUBJECT ADDED ENTRY--TOPICAL TERM
Topical term or geographic name entry element World War, 1914-1918 --Russia
Holdings
Withdrawn status Lost status Damaged status Not for loan Permanent Location Current Location Date acquired Full call number Barcode Date last seen Price effective from Koha item type
        Indian Institute of Public Administration Indian Institute of Public Administration 2009-09-15 Dx47 Sm53 28914 2018-07-21 2018-07-21 Book

Powered by Koha